000 00299nam a22001337a 4500
008 170602b xxu||||| |||| 00| 0 eng d
020 _a9780075409205
041 _aeng
080 _25TH
_a93
100 _a17
101 _aSHH
245 _aNATIONS IN DARKNESS
_cSTOESSINGER, J.G
942 _2udc
_cBK
999 _c15650
_d15650